<?xml version="1.0" encoding="UTF-8"?>
<collection xmlns="http://www.loc.gov/MARC21/slim">
 <record>
  <leader>01372cam a2200253 7i4500</leader>
  <controlfield tag="001">0000054261</controlfield>
  <controlfield tag="005">20220204090000.0</controlfield>
  <controlfield tag="008">170509s2016          eng</controlfield>
  <datafield tag="040" ind1=" " ind2=" ">
   <subfield code="a">TSAM</subfield>
  </datafield>
  <datafield tag="090" ind1="0" ind2="0">
   <subfield code="a">TJ808 </subfield>
   <subfield code="b">MUD 2016</subfield>
  </datafield>
  <datafield tag="100" ind1="1" ind2=" ">
   <subfield code="a">Mudzengi, Mayibongwe Tafara </subfield>
   <subfield code="e">author </subfield>
  </datafield>
  <datafield tag="245" ind1="1" ind2="0">
   <subfield code="a">Exploring the implementation of solar energy in higher education institutions in Malaysia [</subfield>
   <subfield code="m">Dissertation]  </subfield>
   <subfield code="c">Mayibongwe Tafara Mudzengi.</subfield>
  </datafield>
  <datafield tag="264" ind1=" " ind2="1">
   <subfield code="a">Nilai, Negeri Sembilan: </subfield>
   <subfield code="b">INTI International University, </subfield>
   <subfield code="c">2016.</subfield>
  </datafield>
  <datafield tag="300" ind1=" " ind2=" ">
   <subfield code="a">242 pages; </subfield>
   <subfield code="c">29 cm.</subfield>
  </datafield>
  <datafield tag="336" ind1=" " ind2=" ">
   <subfield code="a">text</subfield>
   <subfield code="2">rdacontent</subfield>
  </datafield>
  <datafield tag="337" ind1=" " ind2=" ">
   <subfield code="a">unmediated</subfield>
   <subfield code="2">rdamedia</subfield>
  </datafield>
  <datafield tag="338" ind1=" " ind2=" ">
   <subfield code="a">volume</subfield>
   <subfield code="2">rdacarrier</subfield>
  </datafield>
  <datafield tag="500" ind1=" " ind2=" ">
   <subfield code="a">Master of Business Administration. Code: MBA221</subfield>
  </datafield>
  <datafield tag="501" ind1="0" ind2="0">
   <subfield code="a">Faculty of Business, Communications and Law</subfield>
  </datafield>
  <datafield tag="504" ind1=" " ind2=" ">
   <subfield code="a">Includes bibliographical references and index</subfield>
  </datafield>
  <datafield tag="505" ind1="0" ind2="1">
   <subfield code="a">The area of research aims, to explore the implementation of solar energy in Higher Educational Institutes (HEIs) in Malaysia, to evaluate the prospectus usage of solar energy and government policies, incentives and increasing the implementation of renewable energy solutions as well research into institutions currently using solar energy, determining how the educational institutions and community could benefit from a solar array.</subfield>
  </datafield>
  <datafield tag="650" ind1="1" ind2="0">
   <subfield code="a">Renewable energy -- </subfield>
   <subfield code="z">Malaysia </subfield>
  </datafield>
  <datafield tag="650" ind1="1" ind2="0">
   <subfield code="a">Solar energy -- </subfield>
   <subfield code="z">Malaysia </subfield>
  </datafield>
  <datafield tag="901" ind1=" " ind2=" ">
   <subfield code="u">http://eprints.intimal.edu.my</subfield>
  </datafield>
 </record>
</collection>
